000 00414pab a2200169 454500
008 180718b2011 xxu||||| |||| 00| 0 eng d
100 _aSrinivasan, T.N.
245 _aDeterminants of export decision of firms
260 _c2011
300 _ap.49-58.
362 _aFeb 12
650 _aExports/Imports
700 _aArchana, Vani
773 _aEconomic and Political Weekly
908 _aN
909 _a90719
999 _c90719
_d90719